Employees and employers guide : the EPF Act 1991

Bibliographic Details
Main Author: GOH
Format: Book
Published: Kuala Lumpur : Leeds Pub. , 1991
Subjects:

MARC

LEADER 00000cam a2200000 7i4500
001 0000002324
005 20030527.0
020 0 0 |a 9839970577 
090 0 0 |a 344.012   |b GOH 1991 
100 1 0 |a GOH   |h Chen Chuan 
245 1 0 |a Employees and employers guide :   |b the EPF Act 1991   |c Goh Chen Chuan 
260 0 0 |a Kuala Lumpur :   |b Leeds Pub. ,   |c 1991 
300 |a x, 114 p. ;   |c 19 cm. 
650 0 0 |a Employees' deposits   |x law and legislation   |x Malaysia 
650 0 0 |a Pension trusts   |x Law and legislation   |z Malaysia 
998 |a JPSM 
999 |a 0000004142   |b Monograph   |c Reference   |e Default branch